000 01678cam a22005054i 4500
003 PE-LiUPU
005 20250731165622.0
008 150616s r 000 0 d
020 _a8472289281
035 _a(Sirsi) i9788472289284
040 _aPE-LiUPU
_bspa
_cPE-LiUPU
_erda
049 _aPRUA
082 0 4 _a225.4
_bT915c
_221
100 _9248
_aTuggy, Alfred E.
_eautor.
130 0 _aBiblia.
_pN.T.
_lPolíglota.
245 1 0 _aConcordancia de las Preposiciones del Nuevo Testamento Griego :
_ben siete idiomas /
_cAlfred E. Tuggy.
264 1 _aBarcelona :
_bCLIE,
_c1984.
300 _a1249 páginas ;
_c32 cm.
336 _atext
_2rdacontent
337 _aunmediated
_2rdamedia
338 _avolume
_2rdacarrier
505 0 _aConcordancia bíblica del Nuevo Testamento en los idiomas: Español, Inglés, Deutsch (Alemán), Francés, Italiano, Portugués y Latino.
526 _aSEG44
526 _aSEG26
526 _aP151
526 _aP150
526 _aP149
526 _aP146
526 _aP145
526 _aP126
526 _aP125
526 _aP92
526 _aP75
526 _aP74
526 _aP27
526 _aP15
630 _aBiblia.
_pN.T.
_vConcordancias.
650 0 _aGriego Bíblico
_xPreposiciones.
_9246
650 0 _aGriego Bíblico
_xConcordancias.
_9247
910 _ajck
942 _2ddc
_cBOOK
949 _aRC 225.03 T89
_wDEWEY
_c1
_i26048
_lCCODEBUL1
_mBUL
_r0
_sY
_tBOOK
_u2015-6-16
_xTEOLOGIA
_zUNKNOWN
_0COMPRA
_o.CIRCNOTE. No olvidar cambiar la fecha de devolución!!!!!!!
_o.STAFF. Colección General
980 _81
_gALBERTO SANCHEZ Responsable de Automatización
999 _c57222
_d57222